Loading...
| History - World History | 0 | 5 | 0 | 0 | 50 | 119 | 124.20 | 0 | 1 |
| History - American History | 0 | 2 | 0 | 0 | 20 | 110 | 122.00 | 0 | 0 |
| History - Other History | 0 | 2 | 0 | 1 | 20 | 124 | 129.50 | 1 | 1 |
| Science - Physics | 0 | 2 | 0 | 0 | 20 | 119 | 122.00 | 0 | 0 |
| Religion | 0 | 1 | 0 | 0 | 10 | 142 | 142.00 | 0 | 0 |
| Science - Chemistry | 0 | 1 | 0 | 0 | 10 | 119 | 119.00 | 0 | 0 |
| Social Science | 0 | 0 | 0 | 0 | 0 | 0.00 | 0 | 0 | |
| Fine Arts - Painting & Sculpture | 0 | 0 | 0 | 0 | 0 | 0.00 | 0 | 0 | |
| History - European History | 0 | 0 | 0 | 0 | 0 | 0.00 | 0 | 0 | |
| Literature - European Literature | 0 | 0 | 0 | 0 | 0 | 0.00 | 0 | 0 | |
| Science - Biology | 0 | 0 | 0 | 0 | 0 | 0.00 | 0 | 0 | |
| Fine Arts - Other Fine Arts | 0 | 0 | 0 | 0 | 0 | 0.00 | 0 | 0 | |
| Science - Other Science | 0 | 0 | 1 | 0 | -5 | 0.00 | 0 | 0 |